| 000 | 00581nam a22001817a 4500 | ||
|---|---|---|---|
| 005 | 20251108171134.0 | ||
| 008 | 250721s1996 xx 000 0 ara d | ||
| 082 | 1 | 4 | _a214/قرض |
| 100 | 1 | _aالقرضاوي، يوسف | |
| 245 | 1 | 0 | _aالتوكل / |
| 264 | 1 |
_aالقاهرة : _bمكتبة وهبه، _c1996. |
|
| 300 | _a128ص. | ||
| 490 | 0 | _aتيسير فقه السلوك في ضوء القرآن و السنة في الطريق إلى الله ؛3 | |
| 650 | 1 | 7 | _aالتوحيد |
| 650 | 1 | 7 | _aأصول الدين الإسلامي |
| 942 |
_2ddc _cBK |
||
| 999 |
_c57609 _d57609 |
||